000 00425nam a2200169Ia 4500
008 240729s9999 xx 000 0 und d
022 _a2453-7837
245 0 _aFolia Veterinaria
260 _aPoland
260 _bSciendo
650 _a Animal culture
650 _a Veterinary medicine
650 _aAgriculture
856 _uhttps://doaj.org/toc/d73c272e94da489f858385e2bd914781
942 _2ddc
942 _cDOAJEJ
999 _c70677
_d70677
945 _a1
_bMadushi Gamage
_c1
_dMadushi Gamage